| 000 | 01329pam a2200385 a 4500 | ||
|---|---|---|---|
| 999 |
_c3825 _d3825 |
||
| 001 | 693027 | ||
| 003 | OSt | ||
| 005 | 20220218064127.0 | ||
| 008 | 961122s1997 maua b 001 0 eng c | ||
| 010 | _a 96050458 | ||
| 020 | _a075069887X | ||
| 040 |
_aDNLM/DLC _cALUPE UNIVERSITY _dDLC |
||
| 050 | 1 | 0 |
_aRC386.6.E43 _bM57 1997 |
| 060 | 1 | 0 | _aWL 102 M678e 1997 |
| 082 | 0 | 0 |
_a616.8/047547 _221 |
| 100 | 1 | _aMisulis, Karl E. | |
| 245 | 1 | 0 |
_aEssentials of clinical neurophysiology / _cKarl E. Misulis. |
| 250 | _a2nd ed. | ||
| 260 |
_aBoston : _bButterworth-Heinemann, _cc1997. |
||
| 300 |
_axiv, 378 p. : _bill. ; _c24 cm. |
||
| 504 | _aIncludes bibliographical references (p. [359]-360) and index. | ||
| 650 | 0 | _aElectroencephalography. | |
| 650 | 0 | _aElectromyography. | |
| 650 | 0 | _aEvoked potentials (Electrophysiology) | |
| 650 | 0 | _aNeurophysiology. | |
| 650 | 0 | _aNeural conduction. | |
| 650 | 1 | 2 |
_aElectroencephalography _xmethods. |
| 650 | 1 | 2 |
_aElectromyography _xmethods. |
| 650 | 2 | 2 |
_aEvoked Potentials _xphysiology. |
| 650 | 2 | 2 |
_aNeural Conduction _xphysiology. |
| 650 | 2 | 2 |
_aPolysomnography _xmethods. |
| 906 |
_a7 _bcbc _corignew _d1 _eocip _f19 _gy-gencatlg |
||
| 942 |
_2lcc _cBK _nBA |
||